Statistics for Taylor Swift - You're Not Sorry Lyrics

Click here to take the quiz!

General Stats

  • This quiz has been taken 96 times
    (58 since last reset)
  • The average score is 287 of 317

Answer Stats

Answer% Correct
and
100%
And
100%
I
100%
no
100%
No
100%
not
100%
So
100%
so
100%
sorry
100%
you
100%
You
100%
your
100%
you're
100%
You're
100%
all
97%
All
97%
be
97%
do
97%
is
97%
it
97%
to
97%
don't
94%
Don't
94%
me
94%
the
94%
around
91%
but
91%
But
91%
come
91%
have
91%
in
91%
oh
91%
Oh
91%
this
91%
This
91%
time
91%
up
91%
anymore
88%
baby
88%
call
88%
can
88%
hurt
88%
if
88%
i'm
88%
last
88%
let
88%
like
88%
phone
88%
pick
88%
that
88%
wanna
88%
won't
88%
would
88%
been
85%
before
85%
believe
85%
did
85%
down
85%
hoping
85%
it's
85%
i've
85%
I've
85%
know
85%
left
85%
my
85%
of
85%
out
85%
tell
85%
was
85%
didn't
82%
every
82%
had
82%
life
82%
long
82%
straw
82%
waiting
82%
chances
79%
cold
79%
Could've
79%
figured
79%
got
79%
now
79%
secrets
79%
asking
76%
'Cause
76%
each
76%
for
76%
innocent
76%
loved
76%
never
76%
worked
76%
being
74%
looking
74%
might
74%
taken
74%
tired
74%
you've
74%
fade
71%
listen
71%
share
71%
watched
71%
we'll
71%
would've
71%
away
68%
giving
68%
hadn't
68%
nothing
68%
There's
68%
used
68%
again
65%
bright
65%
fine
65%
gone
65%
shine
65%
wasting
65%
beg
62%
honey
62%
thinking
62%
crawling
56%
Woah
50%

Score Distribution

Percentile by Number Answered

Percent of People with Each Score

Your Score History

You have not taken this quiz since the last reset